000 01180nam a2200349Ia 4500
001 051533
008 221003m2014 xx 000 0 spa d
035 _aCENDO_41339
041 _aspa
110 _aCCOO
_bConfederación Sindical
_bSecretaría de la Mujer e Igualdad
_cSecretaría de la Mujer e Igualdad
_941220
245 0 _a8 de Marzo [de 2014] :
_bDía Internacional de la Mujer /
_cSecretaría de Igualdad de UGT y Secretaría Confederal de la Mujer e Igualdad de CCOO
260 _a[S.l. :
_bs.n.],
_c2014
300 _a2 p. ;
_c 30 cm
650 _aMUJERES
_9199
650 0 _aDIA INTERNACIONAL DE LA MUJER
_97831
650 _aIGUALDAD DE DERECHOS
_91832
650 _aDERECHOS DE LA MUJER
_9392
650 0 _aACTITUD SINDICAL
_961
650 _aCCOO
_960
650 _aUGT
_9235
650 _aSINDICATO
_9208
710 _aUGT
_bConfederación Sindical
_bSecretaría de Igualdad
_929650
711 _a8 DE MARZO
_d(2014
_929983
856 _zPDF
_uhttp://docpublicos.ccoo.es/cendoc/051533Manifiesto8Marzo2014.pdf
901 _a2
903 _aNO
904 _a000
953 _d2018-02-21
_yDOCU_ELEC
999 _c41338
_d41338
910 _a2014
942 _cDOCU_ELEC